[Event "C.to Provinciale CO"]
[Site "Como ITA"]
[Date "1999.01.15"]
[Round "1"]
[White "Boncinelli, Lodovico"]
[Black "Rossi, Giampiero"]
[Result "1-0"]
[WhiteElo "1522"]
[BlackElo "2023"]
[PlyCount "69"]
[EventDate "1999.01.15"]

1. d4 d5 2. Nf3 c6 3. Bf4 Nf6 4. Nbd2 Bf5 5. e3 e6 6. Be2 h6 7. O-O Nbd7 8. h3
Be7 9. c4 O-O 10. c5 b6 11. b4 a5 12. a3 Ne4 13. Qc1 axb4 14. Nxe4 dxe4 15. Ne5
Nxe5 16. Bxe5 bxc5 17. dxc5 Qd5 18. Bd6 Bxd6 19. cxd6 Qxd6 20. Rd1 Qe7 21. axb4
Rxa1 22. Qxa1 Qxb4 23. Rd4 Qb6 24. Qa6 Qxa6 25. Bxa6 Rb8 26. Bf1 e5 27. Rc4 Rb6
28. Rc5 f6 29. Ra5 Be6 30. g4 Bd5 31. Kg2 Rb7 32. Rc5 Kf7 33. Bc4 Ke6 34. Rxc6+
Kd7 35. Bxd5 1-0

[Event "C.to Provinciale CO"]
[Site "Como ITA"]
[Date "1999.01.15"]
[Round "1"]
[White "Cairoli, Camillo"]
[Black "Mason, Giovanni"]
[Result "1-0"]
[WhiteElo "1900"]
[BlackElo "1518"]
[PlyCount "53"]
[EventDate "1999.01.15"]

1. d4 Nf6 2. c4 e5 3. dxe5 Ng4 4. e4 Nxe5 5. f4 Ng6 6. Nf3 Bb4+ 7. Bd2 Bxd2+ 8.
Qxd2 Nc6 9. Nc3 d6 10. Be2 f5 11. O-O fxe4 12. Ng5 h6 13. Bh5 Bf5 14. Ngxe4 Qh4
15. Ng3 O-O-O 16. Nd5 Nge7 17. b4 g6 18. b5 Nb8 19. Bf3 Nd7 20. Qa5 Nxd5 21.
Qxa7 Nc5 22. Bxd5 Rde8 23. Rae1 Kd7 24. Bxb7 Nxb7 25. Qxb7 Rb8 26. Qd5 Rhe8 27.
Qc6+ 1-0

[Event "C.to Provinciale CO"]
[Site "Como ITA"]
[Date "1999.01.15"]
[Round "1"]
[White "Coppola, Guido"]
[Black "Boffi, Luigi"]
[Result "1-0"]
[WhiteElo "1779"]
[BlackElo "1473"]
[PlyCount "23"]
[EventDate "1999.01.15"]

1. e4 c5 2. Nf3 d6 3. d4 cxd4 4. Nxd4 Nf6 5. Nc3 e6 6. Be2 Be7 7. Be3 Nbd7 8.
Ndb5 Nb6 9. e5 Nfd5 10. exd6 Bxd6 11. Nxd5 Nxd5 12. Nxd6+ 1-0

[Event "C.to Provinciale CO"]
[Site "Como ITA"]
[Date "1999.01.15"]
[Round "1"]
[White "Curioni, Franco"]
[Black "Buonocore, Elio"]
[Result "1/2-1/2"]
[WhiteElo "1558"]
[BlackElo "2109"]
[PlyCount "35"]
[EventDate "1999.01.15"]

1. e4 e5 2. f4 exf4 3. Nf3 d6 4. d4 g5 5. h4 g4 6. Ng1 f5 7. exf5 Qe7+ 8. Kf2
Nf6 9. Bb5+ Kf7 10. Bxf4 Bxf5 11. Ne2 Ne4+ 12. Kg1 Bg7 13. Nbc3 c6 14. Nxe4
Bxe4 15. Bd3 Re8 16. Bg5 Qe6 17. Nf4 Qf5 18. c3 1/2-1/2

[Event "C.to Provinciale CO"]
[Site "Como ITA"]
[Date "1999.01.15"]
[Round "1"]
[White "Fusi, Claudio"]
[Black "Bellotto, Stefano"]
[Result "0-1"]
[WhiteElo "1458"]
[BlackElo "1716"]
[PlyCount "62"]
[EventDate "1999.01.15"]

1. d4 f5 2. c4 g6 3. Nc3 Nf6 4. g3 Bg7 5. Bg2 O-O 6. Nf3 d6 7. O-O Qe8 8. Re1
Qf7 9. b3 Ne4 10. Bb2 Nd7 11. e3 c6 12. Qc2 Ndf6 13. Nh4 g5 14. Bxe4 fxe4 15.
Ng2 d5 16. cxd5 cxd5 17. Rf1 Bg4 18. h3 Bf3 19. Ne1 Qh5 20. Nxf3 exf3 21. Qf5
Rae8 22. h4 h6 23. Nxd5 Nxd5 24. Qxd5+ e6 25. Qxb7 Qg4 26. Kh2 gxh4 27. Rg1 Rf5
28. Qd7 Ref8 29. Qxe6+ Kh7 30. e4 hxg3+ 31. Rxg3 Rh5+ 0-1

[Event "C.to Provinciale CO"]
[Site "Como ITA"]
[Date "1999.01.15"]
[Round "1"]
[White "Larghi, Riccardo"]
[Black "Orsenigo, Davide"]
[Result "1-0"]
[WhiteElo "1845"]
[BlackElo "1500"]
[PlyCount "82"]
[EventDate "1999.01.15"]

1. e4 c6 2. d4 d5 3. e5 Bf5 4. Nf3 e6 5. Be2 Qb6 6. O-O Nd7 7. c3 c5 8. Qa4 Ne7
9. dxc5 Qxc5 10. Bb5 Qc7 11. Nd4 a6 12. Bg5 Bg6 13. f4 Nf5 14. Nxf5 Bxf5 15.
Be2 Bc5+ 16. Kh1 O-O 17. Nd2 h6 18. Bh4 Rac8 19. Qd1 Ba7 20. Be7 Rfe8 21. Bd6
Qd8 22. Nb3 Bb8 23. Bxb8 Rxb8 24. Bd3 Bxd3 25. Qxd3 Qb6 26. Rad1 Rec8 27. Qd4
Qxd4 28. Rxd4 Nc5 29. Nxc5 Rxc5 30. g3 Rbc8 31. Kg2 Kf8 32. Kf3 Ke7 33. Ke3
R8c7 34. g4 Kd7 35. h4 Kc6 36. Kd2 Kd7 37. h5 Ke7 38. g5 hxg5 39. fxg5 Rc8 40.
g6 fxg6 41. hxg6 Rf8 1-0

[Event "C.to Provinciale CO"]
[Site "Como ITA"]
[Date "1999.01.15"]
[Round "1"]
[White "Petetta, Roberto"]
[Black "Liscio, Giovanni"]
[Result "0-1"]
[WhiteElo "1494"]
[BlackElo "1804"]
[PlyCount "70"]
[EventDate "1999.01.15"]

1. d4 Nf6 2. c4 e6 3. Nc3 b6 4. Bg5 Be7 5. Nf3 Bb7 6. e3 O-O 7. Be2 d6 8. O-O
Nbd7 9. b4 h6 10. Bf4 Nh5 11. Qb3 Nxf4 12. exf4 Bf6 13. Rad1 Qe7 14. Rfe1 g6
15. d5 e5 16. fxe5 Nxe5 17. Ne4 Bg7 18. Nd4 Rfe8 19. f4 Nd7 20. Bf3 f5 21. Nb5
fxe4 22. Rxe4 Qf6 23. Rde1 Rxe4 24. Rxe4 c6 25. Re6 Qa1+ 26. Kf2 cxb5 27. Qd3
Qd4+ 28. Qe3 Qxe3+ 29. Kxe3 Nf8 30. Rxd6 bxc4 31. Bd1 Re8+ 32. Kd2 c3+ 33. Kc2
Re4 34. Rd8 Rxf4 35. d6 Rxb4 0-1

[Event "C.to Provinciale CO"]
[Site "Como ITA"]
[Date "1999.01.22"]
[Round "2"]
[White "Bellotto, Stefano"]
[Black "Boncinelli, Lodovico"]
[Result "1-0"]
[WhiteElo "1716"]
[BlackElo "1522"]
[PlyCount "65"]
[EventDate "1999.01.15"]

1. d4 e6 2. c4 d5 3. Nc3 Nf6 4. cxd5 exd5 5. Bg5 Be7 6. e3 c6 7. Bd3 Bg4 8. f3
Bh5 9. Nge2 Bg6 10. Ng3 Nbd7 11. Nf5 O-O 12. O-O Re8 13. Qc2 Rc8 14. Rae1 Nf8
15. Qf2 Ne6 16. Bh4 a6 17. Bb1 Nc7 18. Nxe7+ Qxe7 19. e4 Qd7 20. e5 Nh5 21. f4
Bxb1 22. Nxb1 Qf5 23. Nc3 Ne6 24. Ne2 g6 25. h3 Qd3 26. g4 Nhg7 27. f5 Nf8 28.
Nf4 Qc4 29. fxg6 fxg6 30. e6 Nfxe6 31. Nxe6 Rxe6 32. Qf7+ Kh8 33. Qf8+ 1-0

[Event "C.to Provinciale CO"]
[Site "Como ITA"]
[Date "1999.01.22"]
[Round "2"]
[White "Bonetti, Marco"]
[Black "Corti, Filippo"]
[Result "1-0"]
[WhiteElo "1902"]
[BlackElo "1600"]
[PlyCount "70"]
[EventDate "1999.01.15"]

1. e4 c6 2. d4 d5 3. exd5 cxd5 4. c4 Nf6 5. Nc3 e6 6. c5 a5 7. Nf3 Nc6 8. Bb5
Bd7 9. Qe2 Be7 10. Na4 Qc7 11. Nb6 Rd8 12. g3 Qb8 13. Bf4 Qa7 14. Bc7 O-O 15.
Bxd8 Bxd8 16. Nxd7 Nxd7 17. h4 Bf6 18. O-O Qb8 19. Rfe1 Qc7 20. Rad1 Re8 21.
Qd2 Re7 22. a3 h6 23. b4 axb4 24. axb4 b6 25. Ra1 bxc5 26. Ra8+ Nf8 27. bxc5
Qb7 28. Bxc6 Qxc6 29. Qa5 Rb7 30. Ra1 g6 31. Qd2 Kg7 32. Qf4 Rb1+ 33. Rxb1 Qxa8
34. Qc7 Bd8 35. Qd6 Qa7 1-0

[Event "C.to Provinciale CO"]
[Site "Como ITA"]
[Date "1999.01.22"]
[Round "2"]
[White "Canali, Marco"]
[Black "Bevilacqua, Roberto"]
[Result "1-0"]
[WhiteElo "1672"]
[BlackElo "2051"]
[PlyCount "99"]
[EventDate "1999.01.15"]

1. e4 Nf6 2. Nc3 d5 3. exd5 Nxd5 4. Bc4 Nb6 5. Bb3 c5 6. Qh5 e6 7. d3 Nc6 8.
Bg5 Qc7 9. Nf3 Nd4 10. Ne4 Nxb3 11. axb3 Nd5 12. Bh4 Nf4 13. Bg3 Nxh5 14. Bxc7
f5 15. Nd6+ Bxd6 16. Bxd6 b6 17. Bc7 Bb7 18. Ke2 O-O 19. Be5 Nf6 20. Bxf6 gxf6
21. Nd2 Kf7 22. Rhg1 e5 23. Ra4 Rg8 24. Rh4 Rg7 25. Nc4 Ke6 26. g4 fxg4 27.
Rhxg4 Rxg4 28. Rxg4 Rd8 29. Rg7 Rd7 30. Rg8 Re7 31. Nd2 Kf5 32. Nc4 Ke6 33. Nd2
Kf7 34. Rg3 f5 35. Rg5 Kf6 36. Rg3 Bd5 37. f3 Bf7 38. Rh3 Bg6 39. Rh4 Ke6 40.
Nc4 Kd5 41. Ne3+ Kc6 42. Nc4 b5 43. Nd2 a5 44. Rh6 Kb7 45. Rh4 Re6 46. Rh6 Kc6
47. h4 f4 48. h5 Bf5 49. Rxe6+ Bxe6 50. Ne4 1-0

[Event "C.to Provinciale CO"]
[Site "Como ITA"]
[Date "1999.01.22"]
[Round "2"]
[White "Cattoni, Luca"]
[Black "Coppola, Guido"]
[Result "0-1"]
[WhiteElo "1558"]
[BlackElo "1779"]
[PlyCount "56"]
[EventDate "1999.01.15"]

1. d4 Nf6 2. c4 e5 3. e3 exd4 4. exd4 d5 5. Bg5 Be7 6. Nc3 dxc4 7. f3 O-O 8.
Bxc4 h6 9. Bh4 Nh5 10. Bf2 Bh4 11. g3 Be7 12. Nge2 Nd7 13. Qd2 Nb6 14. Bb3 a5
15. a4 Nf6 16. O-O c6 17. Rad1 Nbd5 18. Rfe1 Bf5 19. Nf4 Bb4 20. Re5 Bh7 21.
Re2 Qd7 22. Bc2 Bxc2 23. Nfxd5 Bxd1 24. Nxf6+ gxf6 25. Qxd1 Bxc3 26. bxc3 Rfe8
27. Be3 Qh3 28. Rb2 Rxe3 0-1

[Event "C.to Provinciale CO"]
[Site "Como ITA"]
[Date "1999.01.22"]
[Round "2"]
[White "Emoroso, Claudio"]
[Black "Larghi, Riccardo"]
[Result "0-1"]
[WhiteElo "1576"]
[BlackElo "1845"]
[PlyCount "87"]
[EventDate "1999.01.15"]

1. e4 c5 2. Nf3 d6 3. Be2 e5 4. c4 g6 5. d3 Bg7 6. Nc3 Nc6 7. Bd2 a6 8. a3 Rb8
9. Rb1 b5 10. Nd5 Nf6 11. Nxf6+ Qxf6 12. b3 O-O 13. O-O Qe7 14. Qc1 f5 15. cxb5
axb5 16. b4 fxe4 17. dxe4 Nd4 18. Nxd4 cxd4 19. Bxb5 Kh8 20. Bd3 Be6 21. Qb2
Qh4 22. f3 g5 23. Be1 Qf4 24. Qd2 Qf6 25. a4 Rfc8 26. Qb2 h5 27. a5 Bh6 28. Bd2
Qg7 29. b5 g4 30. f4 g3 31. f5 gxh2+ 32. Kxh2 Bf7 33. Rf3 Rg8 34. Bxh6 Qxh6 35.
b6 Qg5 36. Qf2 d5 37. Qg3 Qf6 38. Qh3 Qh6 39. Kg1 dxe4 40. Bxe4 Rg4 41. a6 Rxb6
42. Rxb6 Qxb6 43. Kh2 Qxa6 44. f6 0-1

[Event "C.to Provinciale CO"]
[Site "Como ITA"]
[Date "1999.01.22"]
[Round "2"]
[White "Grassetto, Gilberto"]
[Black "Laricini, Alberto"]
[Result "1-0"]
[WhiteElo "1561"]
[BlackElo "1612"]
[PlyCount "77"]
[EventDate "1999.01.15"]

1. e4 c5 2. Nc3 Nc6 3. g3 d6 4. Bg2 g6 5. d3 Bg7 6. Bd2 Nf6 7. Nge2 O-O 8. f3
a6 9. g4 b5 10. Qc1 Bd7 11. h4 b4 12. Nd1 Re8 13. Ng3 Nd4 14. g5 Nh5 15. Nxh5
gxh5 16. Nf2 Ba4 17. b3 Bb5 18. Rb1 Bd7 19. Qd1 Nb5 20. f4 Na3 21. f5 Nxb1 22.
Qxb1 a5 23. Qd1 a4 24. Qxh5 axb3 25. axb3 Ra1+ 26. Ke2 Rxh1 27. Bxh1 d5 28. Qg4
Qc8 29. h5 dxe4 30. Bxe4 Qc7 31. g6 fxg6 32. hxg6 hxg6 33. Qxg6 Qd6 34. Qg2 Qf6
35. Ng4 Qh4 36. Bh6 Kf8 37. Bxg7+ Kxg7 38. Ne5+ Kh6 39. Qg6# 1-0

[Event "C.to Provinciale CO"]
[Site "Como ITA"]
[Date "1999.01.22"]
[Round "2"]
[White "Liscio, Giovanni"]
[Black "Gisolini, Michele"]
[Result "1-0"]
[WhiteElo "1804"]
[BlackElo "1567"]
[PlyCount "94"]
[EventDate "1999.01.15"]

1. d4 Nf6 2. c4 b5 3. cxb5 a6 4. e3 axb5 5. Bxb5 Ba6 6. Bxa6 Rxa6 7. Nc3 g6 8.
Nf3 Bg7 9. b4 O-O 10. a4 d6 11. O-O Nbd7 12. b5 Ra7 13. Qb3 Qa8 14. Bd2 Nb6 15.
Rfc1 Nfd7 16. Qb4 e5 17. a5 exd4 18. exd4 d5 19. Bf4 Rc8 20. Ra2 Bf8 21. Qb3
Rxa5 22. Rxa5 Qxa5 23. Nxd5 Nxd5 24. Qxd5 Nb6 25. Qc6 Qa3 26. g3 Bd6 27. Bh6
Bf8 28. Be3 Bd6 29. Ne5 Qa8 30. Qxa8 Rxa8 31. Nd3 Ra3 32. Nc5 Na4 33. Ne4 Rb3
34. Nxd6 cxd6 35. Bh6 f5 36. Rc8+ Kf7 37. Rb8 Ke7 38. Bf8+ Ke6 39. Rb7 Rb4 40.
Rxh7 Rxb5 41. Bh6 Nc3 42. Bg5 Ne2+ 43. Kg2 Nxd4 44. Rg7 Kd5 45. Rxg6 Rb6 46.
Be3 Rc6 47. Rf6 Ke4 1-0

[Event "C.to Provinciale CO"]
[Site "Como ITA"]
[Date "1999.01.22"]
[Round "2"]
[White "Pozzi, Marco"]
[Black "De Castro, Giovanni"]
[Result "0-1"]
[WhiteElo "1495"]
[BlackElo "1713"]
[PlyCount "80"]
[EventDate "1999.01.15"]

1. c4 Nf6 2. Nc3 g6 3. Nf3 Bg7 4. g3 O-O 5. Bg2 c5 6. Rb1 Nc6 7. O-O d6 8. a3
a5 9. d3 Ne8 10. Bd2 Rb8 11. Nb5 Nc7 12. Bc3 Nxb5 13. cxb5 Nd4 14. Bxd4 cxd4
15. a4 Bd7 16. Qd2 Qb6 17. Rfc1 Rbc8 18. Rxc8 Rxc8 19. Rc1 Rc5 20. Rxc5 dxc5
21. Ne1 Be6 22. Qd1 Qc7 23. b3 b6 24. Nf3 Bh6 25. Qc2 Qd6 26. Ne1 f6 27. Qb2
Bf7 28. Nc2 Qe6 29. Na1 f5 30. Bh3 g5 31. Qc2 g4 32. Bg2 Qd6 33. Bb7 e5 34. Qd1
Bg5 35. h4 gxh3 36. Qf1 Qh6 37. Kh2 Bd2 38. Bc8 Qh5 39. f3 Bd5 40. g4 Bf4+ 0-1

[Event "C.to Provinciale CO"]
[Site "Como ITA"]
[Date "1999.01.22"]
[Round "2"]
[White "Taborelli, Achille"]
[Black "Cairoli, Camillo"]
[Result "1-0"]
[WhiteElo "1609"]
[BlackElo "1900"]
[PlyCount "79"]
[EventDate "1999.01.15"]

1. d4 Nf6 2. c4 g6 3. Nc3 Bg7 4. e4 d6 5. Nf3 e5 6. dxe5 Ng4 7. exd6 cxd6 8.
Bd3 Nc6 9. O-O O-O 10. Nd5 h6 11. a3 a5 12. Rb1 Be6 13. b3 Nge5 14. Nxe5 dxe5
15. f4 exf4 16. Bxf4 Rc8 17. Qd2 Kh7 18. b4 axb4 19. axb4 Ne5 20. Bxe5 Bxe5 21.
b5 Qh4 22. g3 Qd8 23. Kh1 Kg7 24. Qe3 Qa5 25. Qe1 Qa3 26. Qd1 Qc5 27. Qf3 Ra8
28. Qf2 Bd4 29. Qf3 Ra2 30. Nb4 Rd2 31. Nd5 Bh3 32. Nf4 Bxf1 33. Rxf1 Rf2 34.
Rxf2 Bxf2 35. Kg2 Bd4 36. e5 Qe7 37. Qg4 Rd8 38. e6 Bc5 39. exf7 Rd4 40. Qxg6+
1-0

[Event "C.to Provinciale CO"]
[Site "Como ITA"]
[Date "1999.01.29"]
[Round "3"]
[White "Bevilacqua, Roberto"]
[Black "Mason, Giovanni"]
[Result "1-0"]
[WhiteElo "2051"]
[BlackElo "1518"]
[PlyCount "31"]
[EventDate "1999.01.15"]

1. e4 e5 2. d4 exd4 3. c3 dxc3 4. Bc4 d6 5. Nf3 Be6 6. Bxe6 fxe6 7. Qb3 c2 8.
Nc3 Qc8 9. Ng5 Ke7 10. Nxe6 Nf6 11. Bg5 c6 12. f4 Na6 13. O-O Ke8 14. e5 dxe5
15. fxe5 Ng4 16. Nxg7+ 1-0

[Event "C.to Provinciale CO"]
[Site "Como ITA"]
[Date "1999.01.29"]
[Round "3"]
[White "Boncinelli, Lodovico"]
[Black "Morlotti, Massimiliano"]
[Result "0-1"]
[WhiteElo "1522"]
[BlackElo "1711"]
[PlyCount "116"]
[EventDate "1999.01.15"]

1. d4 b5 2. Nf3 Bb7 3. Bf4 e6 4. Nbd2 c5 5. e3 c4 6. c3 Nf6 7. Be2 Be7 8. O-O
Nc6 9. b3 Nd5 10. Qc2 Nxf4 11. exf4 cxb3 12. axb3 a6 13. Bd3 h6 14. Rfe1 Rc8
15. Qb1 Qc7 16. Ne5 d6 17. Nef3 d5 18. f5 Nd8 19. Rc1 Qf4 20. Nf1 O-O 21. c4
dxc4 22. bxc4 Bxf3 23. gxf3 bxc4 24. Rxc4 Rxc4 25. Bxc4 Qxd4 26. Bxa6 exf5 27.
Bd3 Bh4 28. Ra2 f4 29. Rd2 Qf6 30. Bf5 Ne6 31. Bh3 Rd8 32. Rb2 Nd4 33. Bg2 Re8
34. Rb8 Rxb8 35. Qxb8+ Qd8 36. Qxd8+ Bxd8 37. Nd2 Ba5 38. Ne4 Bb4 39. Bf1 f5
40. Nf6+ gxf6 41. Kg2 Kf8 42. h3 Ke7 43. Bc4 Kd6 44. Ba6 Kc5 45. Bd3 Be1 46.
Ba6 Kb4 47. Bb7 Kc3 48. Ba6 Nb3 49. Bf1 Nc1 50. Bb5 Nd3 51. Bd7 Bxf2 52. Bxf5
Bg3 53. Kf1 Kd2 54. Bg4 Ke3 55. Kg2 Ne1+ 56. Kf1 Nxf3 57. Kg2 Nd2 58. Bd1 Bh4
0-1

[Event "C.to Provinciale CO"]
[Site "Como ITA"]
[Date "1999.01.29"]
[Round "3"]
[White "Cairoli, Camillo"]
[Black "Orsenigo, Davide"]
[Result "1/2-1/2"]
[WhiteElo "1900"]
[BlackElo "1500"]
[PlyCount "113"]
[EventDate "1999.01.15"]

1. d4 Nf6 2. c4 c5 3. d5 b5 4. cxb5 a6 5. bxa6 Bxa6 6. Nc3 d6 7. g3 Nbd7 8. Bg2
g6 9. Nf3 Bg7 10. h3 O-O 11. O-O Qa5 12. Qc2 Rfb8 13. Rd1 Ne8 14. Bg5 Rxb2 15.
Qxb2 Bxc3 16. Qc2 Bxa1 17. Rxa1 Nef6 18. e4 Qa3 19. Ne1 Rb8 20. Bc1 Qb4 21. Bd2
Qb2 22. Qxb2 Rxb2 23. Bc3 Rb7 24. f4 Nb6 25. Rb1 Na4 26. Rxb7 Bxb7 27. Bd2 Kf8
28. Kf2 Ba6 29. Bf3 Ke8 30. Ke3 Kd8 31. Ba5+ Kc8 32. Nd3 Bc4 33. Nc1 Kb7 34.
Bd8 Ng8 35. Kd2 Ka6 36. Bg4 Kb5 37. Bd7+ Kb4 38. Be8 Nf6 39. Bxf7 Nxe4+ 40. Kc2
Nac3 41. Bxe7 Nxa2 42. Nxa2+ Bxa2 43. g4 c4 44. f5 Bb3+ 45. Kc1 Kc3 46. fxg6
hxg6 47. Bxg6 Nf2 48. Bf6+ Kb4 49. Bf5 Nxh3 50. g5 Nxg5 51. Bxg5 c3 52. Bc2
Bxd5 53. Be7 Kc5 54. Bd3 Kd4 55. Kc2 Ke5 56. Kxc3 Ke6 57. Bf8 1/2-1/2

[Event "C.to Provinciale CO"]
[Site "Como ITA"]
[Date "1999.01.29"]
[Round "3"]
[White "Coppola, Guido"]
[Black "Canali, Marco"]
[Result "1-0"]
[WhiteElo "1779"]
[BlackElo "1672"]
[PlyCount "57"]
[EventDate "1999.01.15"]

1. e4 e6 2. d4 d5 3. e5 c5 4. c3 Nc6 5. Nf3 Bd7 6. a3 Rc8 7. b4 cxd4 8. cxd4
Nge7 9. Bd3 Ng6 10. O-O Nh4 11. Nxh4 Qxh4 12. Bb2 f5 13. g3 Qd8 14. Nd2 a5 15.
b5 Na7 16. a4 Bb4 17. Qe2 O-O 18. Rac1 Qe7 19. b6 Rxc1 20. Rxc1 Bxd2 21. Qxd2
Nc6 22. Bb5 Qd8 23. Ba3 Re8 24. Bc5 Qa8 25. Ra1 Nb8 26. Qc3 Bc6 27. Bd6 Bxb5
28. axb5 Nd7 29. Rxa5 1-0

[Event "C.to Provinciale CO"]
[Site "Como ITA"]
[Date "1999.01.29"]
[Round "3"]
[White "Corti, Corrado"]
[Black "Liscio, Giovanni"]
[Result "1/2-1/2"]
[WhiteElo "1687"]
[BlackElo "1804"]
[PlyCount "74"]
[EventDate "1999.01.15"]

1. e4 c5 2. Nf3 d6 3. d4 cxd4 4. Nxd4 Nf6 5. Nc3 a6 6. Bg5 e6 7. Qd2 Be7 8.
O-O-O Nbd7 9. Nb3 Qc7 10. f4 b5 11. Bd3 Bb7 12. Rhe1 b4 13. Ne2 a5 14. Ng3 O-O
15. Kb1 a4 16. Nd4 Qc5 17. Nf3 b3 18. a3 bxc2+ 19. Bxc2 Rfb8 20. Qd4 Qa5 21.
Re3 Bf8 22. Qd2 Qb6 23. Qd4 Qxd4 24. Rxd4 d5 25. Rxa4 Rxa4 26. Bxa4 Nc5 27.
Bxf6 Nxa4 28. Be5 Rc8 29. exd5 Bxd5 30. Ne2 f6 31. Bd4 Rb8 32. Ka1 Bd6 33. g3
Rc8 34. Nc3 Bb3 35. Nd2 Nxc3 36. Rxc3 Rxc3 37. Bxc3 Bd5 1/2-1/2

[Event "C.to Provinciale CO"]
[Site "Como ITA"]
[Date "1999.01.29"]
[Round "3"]
[White "Corti, Filippo"]
[Black "Pozzi, Marco"]
[Result "1/2-1/2"]
[WhiteElo "1600"]
[BlackElo "1495"]
[PlyCount "75"]
[EventDate "1999.01.15"]

1. Nf3 d5 2. g3 Nc6 3. d4 Nf6 4. Bg2 Bf5 5. c3 e6 6. O-O Bd6 7. Nbd2 b5 8. a4
a6 9. a5 O-O 10. b4 e5 11. dxe5 Nxe5 12. Nd4 Qd7 13. Nxf5 Qxf5 14. f4 Ng6 15.
Nf3 c6 16. Be3 Rfe8 17. Bd4 Ng4 18. Qd2 Bb8 19. h3 Nf6 20. Ne5 Nxe5 21. fxe5
Ne4 22. Qe3 Qg6 23. Bxe4 Qxe4 24. Qf4 Qxf4 25. gxf4 Re6 26. f5 Rh6 27. Rf3 Bc7
28. Kf2 Re8 29. Rg1 g6 30. Be3 Rh5 31. fxg6 hxg6 32. Bd4 Bxe5 33. e3 Bg7 34.
Bxg7 Kxg7 35. Rf1 Ree5 36. Ke2 f5 37. Rh1 Kf6 38. Rf4 1/2-1/2

[Event "C.to Provinciale CO"]
[Site "Como ITA"]
[Date "1999.01.29"]
[Round "3"]
[White "De Castro, Giovanni"]
[Black "Bonetti, Marco"]
[Result "1/2-1/2"]
[WhiteElo "1713"]
[BlackElo "1902"]
[PlyCount "29"]
[EventDate "1999.01.15"]

1. d4 Nf6 2. Nf3 g6 3. Bf4 Bg7 4. e3 O-O 5. Be2 d6 6. h3 Nbd7 7. O-O c5 8. c3
a6 9. a4 b6 10. Nbd2 Bb7 11. Qb3 Re8 12. Bh2 e5 13. dxe5 Nxe5 14. Nxe5 dxe5 15.
Rfd1 1/2-1/2

[Event "C.to Provinciale CO"]
[Site "Como ITA"]
[Date "1999.01.29"]
[Round "3"]
[White "Fusi, Claudio"]
[Black "Napoli, Ferdinando"]
[Result "0-1"]
[WhiteElo "1458"]
[BlackElo "1570"]
[PlyCount "52"]
[EventDate "1999.01.15"]

1. d4 Nf6 2. c4 g6 3. Nc3 Bg7 4. e4 O-O 5. Nf3 d6 6. d5 Nbd7 7. Bd3 e5 8. O-O
a6 9. b4 Nh5 10. Be3 Nf4 11. Bc2 f5 12. Rb1 Nf6 13. c5 fxe4 14. Bxe4 Bg4 15.
Bxf4 Nxe4 16. Nxe4 Rxf4 17. Neg5 e4 18. Ne6 Bxe6 19. dxe6 exf3 20. g3 Rf5 21.
Qb3 Qe7 22. Rbd1 Be5 23. Rd3 Raf8 24. Rfd1 R5f6 25. cxd6 cxd6 26. Rxd6 Bxd6 0-1

[Event "C.to Provinciale CO"]
[Site "Como ITA"]
[Date "1999.01.29"]
[Round "3"]
[White "Gisolini, Michele"]
[Black "Boffi, Luigi"]
[Result "0-1"]
[WhiteElo "1567"]
[BlackElo "1473"]
[PlyCount "82"]
[EventDate "1999.01.15"]

1. c4 Nf6 2. Nc3 e6 3. Nf3 b6 4. g3 Bb7 5. Bg2 Be7 6. O-O O-O 7. Re1 d5 8. cxd5
Nxd5 9. e4 Nxc3 10. bxc3 c5 11. Ba3 Nc6 12. d4 cxd4 13. Bxe7 Nxe7 14. cxd4 Ng6
15. Rc1 Qd7 16. Rc3 Rfd8 17. Qc2 Rac8 18. Ree3 h6 19. h4 Qb5 20. Rxc8 Rxc8 21.
Rc3 Rxc3 22. Qxc3 Qb1+ 23. Kh2 Qxa2 24. Nd2 Qa4 25. Nc4 Qc6 26. Qb4 Qd7 27. Ne3
Ne7 28. Qc4 Nc6 29. d5 exd5 30. Nxd5 Ne5 31. Qd4 Ng4+ 32. Kg1 Qd6 33. f3 Ne5
34. Kh2 Ng6 35. f4 Ne7 36. e5 Qe6 37. Nc7 Qc8 38. Qd6 Bxg2 39. Kxg2 Nf5 40. Qc6
Qd8 41. Nd5 Qxd5+ 0-1

[Event "C.to Provinciale CO"]
[Site "Como ITA"]
[Date "1999.01.29"]
[Round "3"]
[White "Grassetto, Gilberto"]
[Black "Taborelli, Achille"]
[Result "0-1"]
[WhiteElo "1561"]
[BlackElo "1609"]
[PlyCount "80"]
[EventDate "1999.01.15"]

1. e4 e6 2. Nc3 d5 3. exd5 exd5 4. d4 Nf6 5. g3 Be7 6. Bg2 c6 7. Nf3 Bf5 8. O-O
O-O 9. Ne2 Bd6 10. Nh4 Bd7 11. f4 Bg4 12. Nf3 Bxf3 13. Rxf3 Re8 14. c3 Nbd7 15.
Kh1 Ne4 16. f5 h6 17. Nf4 Ndf6 18. h3 Nh7 19. h4 Nhf6 20. Bh3 Qc7 21. Qg1 Re7
22. Be3 Rae8 23. Raf1 Qa5 24. a3 Qa4 25. Bc1 Qc2 26. g4 Bxf4 27. Rxf4 Nd2 28.
Bxd2 Qxd2 29. g5 hxg5 30. hxg5 Nh5 31. f6 Re1 32. g6 gxf6 33. gxf7+ Kxf7 34.
Bg4 Rh8 35. Bh3 Rxf1 36. Rxf1 Nf4 37. Rf2 Rxh3+ 38. Rh2 Rxh2+ 39. Qxh2 Qxh2+
40. Kxh2 Nd3 0-1

[Event "C.to Provinciale CO"]
[Site "Como ITA"]
[Date "1999.01.29"]
[Round "3"]
[White "Larghi, Riccardo"]
[Black "Bellotto, Stefano"]
[Result "1-0"]
[WhiteElo "1845"]
[BlackElo "1716"]
[PlyCount "65"]
[EventDate "1999.01.15"]

1. e4 c6 2. d4 d5 3. e5 Bf5 4. Nf3 e6 5. Be2 Ne7 6. O-O Nd7 7. Nh4 h6 8. Nxf5
Nxf5 9. c3 Be7 10. Bd3 g6 11. Nd2 Qc7 12. Re1 Nf8 13. Nf1 O-O-O 14. Be3 h5 15.
Re2 h4 16. b4 Nh7 17. a4 Ng5 18. Rea2 Nxe3 19. Nxe3 Rdf8 20. b5 c5 21. a5 Qd8
22. dxc5 Bxc5 23. Qe2 Ne4 24. Bxe4 dxe4 25. Rd2 Qg5 26. Nc4 e3 27. Nxe3 Qxe5
28. Rad1 h3 29. Qf3 hxg2 30. Ng4 Qc7 31. Rd7 Qb8 32. a6 bxa6 33. Qc6+ 1-0

[Event "C.to Provinciale CO"]
[Site "Como ITA"]
[Date "1999.01.29"]
[Round "3"]
[White "Laricini, Alberto"]
[Black "Rossi, Silio"]
[Result "1-0"]
[WhiteElo "1612"]
[BlackElo "1600"]
[PlyCount "120"]
[EventDate "1999.01.15"]

1. d4 Nf6 2. Nf3 e6 3. c4 c5 4. Nc3 cxd4 5. Nxd4 a6 6. Bg5 h6 7. Bh4 Be7 8. e3
Qa5 9. Nb3 Qb4 10. a3 Qb6 11. Qc2 Nc6 12. Be2 Qc7 13. Rd1 Ng8 14. Bg3 Qd8 15.
Ne4 Nf6 16. Nd6+ Bxd6 17. Bxd6 Ne7 18. Bf3 Nf5 19. Bb4 Nh4 20. Qe2 Nxf3+ 21.
Qxf3 a5 22. Bc3 a4 23. Nc5 Ra7 24. O-O b6 25. Nd3 Bb7 26. Qf4 O-O 27. Ne5 Ba6
28. Nc6 Qc7 29. Nxa7 Qxa7 30. Bxf6 gxf6 31. Qxh6 Bxc4 32. Rfe1 Bb3 33. Rc1 f5
34. e4 f6 35. exf5 Qa5 36. Qg6+ Kh8 37. Re3 Qxf5 38. Rh3+ Qxh3 39. gxh3 Rg8 40.
Qxg8+ Kxg8 41. Rc7 d5 42. Kf1 Bc4+ 43. Ke1 b5 44. Kd2 e5 45. f3 d4 46. h4 Bd5
47. f4 exf4 48. Rd7 Bc4 49. Rxd4 f3 50. Rf4 Be2 51. Rxf6 Kg7 52. Rf4 Kg6 53.
Ke3 Kh5 54. Rxf3 Bc4 55. Rf4 Kh6 56. Rxc4 bxc4 57. Kd4 Kh5 58. Kxc4 Kxh4 59.
Kb4 Kh3 60. Kxa4 Kxh2 1-0

[Event "C.to Provinciale CO"]
[Site "Como ITA"]
[Date "1999.01.29"]
[Round "3"]
[White "Petetta, Roberto"]
[Black "Emoroso, Claudio"]
[Result "1/2-1/2"]
[WhiteElo "1494"]
[BlackElo "1576"]
[PlyCount "90"]
[EventDate "1999.01.15"]

1. d4 Nf6 2. c4 g6 3. Nc3 d6 4. e4 Nbd7 5. Nf3 Bg7 6. Be2 c5 7. d5 a6 8. Rb1
Qc7 9. O-O O-O 10. h3 b6 11. Be3 Bb7 12. Qd2 Rad8 13. Bh6 Rfe8 14. Bxg7 Kxg7
15. Nh4 h6 16. f4 e6 17. Rf2 exd5 18. exd5 Ne4 19. Nxe4 Rxe4 20. Qc3+ Kh7 21.
Bd3 Re7 22. f5 Ne5 23. Bc2 Rg8 24. fxg6+ fxg6 25. Rf6 Rf7 26. Rxf7+ Qxf7 27.
Rf1 Qe7 28. Nf3 Rf8 29. Nxe5 Rxf1+ 30. Kxf1 Qxe5 31. Qxe5 dxe5 32. Be4 Bc8 33.
d6 Bd7 34. Kf2 Kg7 35. Bd5 Kf6 36. Kf3 Bf5 37. Bc6 Ke6 38. d7 Ke7 39. d8=Q+
Kxd8 40. g4 Bd3 41. b3 Ke7 42. Be4 Bxe4+ 43. Kxe4 Ke6 44. h4 a5 45. a4 h5
1/2-1/2